| 000 | 00674nam a22002057a 4500 | ||
|---|---|---|---|
| 999 |
_c2381 _d2381 |
||
| 003 | AR-CdUCM | ||
| 008 | 190304b ||||| |||| 00| 0 spa d | ||
| 040 |
_aMUNICIPALIDAD PROVINCIAL DEL CUSCO _cBIBLIOTECA MUNICIPAL DEL CUSCO |
||
| 082 |
_a985.61 / _bA77 |
||
| 110 |
_aInstituto Nacional de Cultura _99 |
||
| 245 | _aArqueologia del Cuzco / | ||
| 260 |
_aCusco : _bInstituto Nacional de Cultura , _c1982. |
||
| 300 |
_a184 páginas ; _c20.6 cm. |
||
| 505 | _aContenido: Pre Inka -- Inka -- Neo Inka -- Ocupacion Española -- Restauracion... | ||
| 650 |
_aInka _9630 |
||
| 650 |
_aArqueologia Incaica _98553 |
||
| 650 |
_aInca _9421 |
||
| 942 |
_2ddc _cLIBROS |
||
| 945 | _artm | ||